00719nam a22001097a 4500008004100000100004200041245005100083260005600134300003800190520032500228773005600553250221b ||||| |||| 00| 0 eng d a Kushwah, Rakhi and Gupta, Deepika  aDefence collaboration between Russia and India aWorld Affairs: The Journal of International Issues  a 28(4), Oct-Dec, 2024: p.116-129  aDefence cooperation holds a unique place among the important features of bilateral relations between India and Russia, Russia, has made a special contribution in Indian military empowerment. However, in the current strategic perspective, the diversification of Indian defence parents is based on quality. – Reproduce d aWorld Affairs: The Journal of International Issues